[Event "PNWCC Masters 2020"]
[Site "chess.com INT"]
[Date "2020.05.25"]
[Round "7.8"]
[White "Tang, Andrew"]
[Black "Kumar, Nikhil"]
[Result "1/2-1/2"]
[WhiteTitle "GM"]
[BlackTitle "FM"]
[WhiteElo "2538"]
[BlackElo "2328"]
[WhiteFideId "2059630"]
[BlackFideId "30909040"]
[EventDate "2020.05.23"]

1. d4 Nf6 2. c4 e6 3. Nc3 d5 4. cxd5 Nxd5 5. e4 Nxc3 6. bxc3 c5 7. Nf3 cxd4 8.
cxd4 Bb4+ 9. Bd2 Bxd2+ 10. Qxd2 O-O 11. Rc1 Nd7 12. Bd3 b6 13. O-O Bb7 14. Qf4
Rc8 15. h4 Rxc1 16. Rxc1 Qb8 17. Qxb8 Rxb8 18. Rc7 Nf6 19. Ng5 h6 20. Nxf7 Bxe4
21. Bxe4 Nxe4 22. Rxa7 Rc8 23. f3 Nc3 24. Ne5 Ne2+ 25. Kf2 Nxd4 26. Ng6 Nc6 27.
Rb7 Ra8 28. h5 Rxa2+ 29. Kg3 Ra8 30. Rxb6 Nd4 31. Kf4 Ne2+ 32. Kg4 Re8 33. Rd6
e5 34. Rd2 Nf4 35. Nh4 Ne6 36. Nf5 Nd4 37. Nh4 Ne6 38. Re2 Nf4 39. Ra2 Kh7 40.
Nf5 Nxh5 41. Kxh5 g6+ 42. Kg4 h5+ 43. Kg5 gxf5 44. Ra7+ Kh8 45. Kxf5 Rg8 46. Ra2
Kh7 47. Kxe5 h4 48. Kf5 Kh6 49. f4 Kh5 50. Ra7 Kh6 51. Ra2 Kh5 52. Rf2 Rf8+ 53.
Ke6 Re8+ 54. Kf7 Ra8 55. f5 Ra7+ 56. Ke6 Ra6+ 57. Ke5 Ra5+ 58. Kd4 Ra4+ 59. Kc5
Ra5+ 60. Kb6 Ra8 61. Kc6 Ra6+ 62. Kd5 Ra5+ 63. Ke4 Ra4+ 64. Kd3 Ra3+ 65. Kc4
Ra4+ 66. Kb5 Ra8 67. f6 Kg6 68. Kc5 Rf8 69. Rf4 Rxf6 70. Rxh4 Kg5 71. Rh8 Kg4
72. Rg8+ Kf4 73. g3+ Kf3 74. Kd5 Rf5+ 75. Ke6 Ra5 76. g4 Ra6+ 77. Kd5 Ra5+ 78.
Kc6 Kf4 79. Kb6 Rg5 80. Rxg5 Kxg5 81. Ka7 Kxg4 1/2-1/2

[Event "PNWCC Masters 2020"]
[Site "chess.com INT"]
[Date "2020.05.25"]
[Round "7.9"]
[White "Ghazarian, Kirk"]
[Black "Lintchevski, Daniil"]
[Result "1/2-1/2"]
[BlackTitle "GM"]
[WhiteElo "2181"]
[BlackElo "2559"]
[WhiteFideId "30908604"]
[BlackFideId "4171055"]
[EventDate "2020.05.23"]

1. d4 d5 2. c4 dxc4 3. Nf3 a6 4. e3 Nf6 5. Bxc4 e6 6. O-O c5 7. Nc3 b5 8. Be2
Bb7 9. dxc5 Nc6 10. Qc2 Nb4 11. Qb3 Bxc5 12. Rd1 Qb8 13. Bd2 O-O 14. Rac1 Be7
15. Nd4 Rc8 16. a4 bxa4 17. Qxa4 g6 18. Be1 e5 19. Nf3 e4 20. Nd4 a5 21. Na2
Rxc1 22. Nxc1 Nfd5 23. Bxb4 Bxb4 24. Nc6 Qe8 25. Rxd5 Bxc6 26. Bb5 Bxb5 27. Rxb5
Rd8 28. h3 Qd7 29. Na2 Qd1+ 30. Qxd1 Rxd1+ 31. Kh2 Bd6+ 32. g3 Rd2 33. Kg2 f5
34. Rxa5 Rxb2 35. Nc1 Kf7 36. Ra2 Rxa2 37. Nxa2 Ke6 38. Nc3 Be5 39. Ne2 Kd5 40.
g4 Bc7 41. gxf5 gxf5 42. h4 Ke6 43. Kh3 Kf6 44. Nc3 Ke6 45. Ne2 Be5 46. Kg2 Kf6
47. Kh3 Kg6 48. Kg2 Kf6 49. Kh3 Kg6 50. Kg2 Kf6 1/2-1/2

[Event "PNWCC Masters 2020"]
[Site "chess.com INT"]
[Date "2020.05.25"]
[Round "7.10"]
[White "Zong, Davis"]
[Black "Polivanov, Anatoliy"]
[Result "0-1"]
[BlackTitle "IM"]
[WhiteElo "2129"]
[BlackElo "2452"]
[WhiteFideId "30903955"]
[BlackFideId "14109468"]
[EventDate "2020.05.23"]

1. d4 e6 2. c4 f5 3. Nc3 Nf6 4. Nf3 g6 5. g3 Bg7 6. Bg2 O-O 7. O-O d6 8. Qc2 Nc6
9. Bg5 h6 10. Bxf6 Qxf6 11. Rad1 e5 12. e3 g5 13. d5 Nb4 14. Qe2 g4 15. Ne1 f4
16. f3 Qg6 17. Qf2 gxf3 18. Nxf3 fxg3 19. Qxg3 Qxg3 20. hxg3 Nc2 21. Kf2 e4 22.
Nxe4 Bf5 23. Ned2 Bd3 24. Rh1 Rae8 25. Nf1 Bxf1 26. Bxf1 Rxe3 27. Bg2 Bd4 28.
Kf1 Re4 29. Rc1 Ne3+ 30. Kg1 Bb6 31. Nh4 Ng4+ 32. c5 Re1+ 33. Rxe1 Bxc5+ 34. Re3
Bxe3# 0-1

[Event "PNWCC Masters 2020"]
[Site "chess.com INT"]
[Date "2020.05.25"]
[Round "7.11"]
[White "Aditya, Mittal"]
[Black "Easton, Jack"]
[Result "1-0"]
[WhiteTitle "IM"]
[WhiteElo "2438"]
[BlackElo "2175"]
[WhiteFideId "35042025"]
[BlackFideId "30900069"]
[EventDate "2020.05.23"]

1. Nf3 d5 2. g3 Bg4 3. Bg2 Nd7 4. c4 e6 5. d3 Ngf6 6. O-O c6 7. Nbd2 Be7 8. h3
Bh5 9. b3 b5 10. Bb2 O-O 11. g4 Bg6 12. Nh4 Bd6 13. Nxg6 hxg6 14. e3 a5 15. a3
Qe7 16. Qc2 Rab8 17. Rfe1 a4 18. bxa4 bxa4 19. Bc3 Bxa3 20. d4 Bb4 21. Rxa4 Bxc3
22. Qxc3 e5 23. Ra7 exd4 24. Qxd4 Ra8 25. Rea1 Rxa7 26. Rxa7 Qb4 27. cxd5 1-0

[Event "PNWCC Masters 2020"]
[Site "chess.com INT"]
[Date "2020.05.25"]
[Round "7.12"]
[White "Zhao, Erick"]
[Black "Fridman, Daniel"]
[Result "1/2-1/2"]
[WhiteTitle "CM"]
[BlackTitle "GM"]
[WhiteElo "2039"]
[BlackElo "2615"]
[WhiteFideId "30946930"]
[BlackFideId "11600454"]
[EventDate "2020.05.23"]

1. e4 g6 2. d4 Bg7 3. Nf3 d6 4. Be2 Nf6 5. Nc3 O-O 6. O-O c6 7. a4 Nbd7 8. e5
Ne8 9. Bf4 dxe5 10. dxe5 Nc7 11. Bg3 Ne6 12. a5 Qc7 13. Re1 Nxe5 14. Kh1 Qd6 15.
Bd3 Nxd3 16. cxd3 Qd8 17. Qa4 Qxd3 18. Rad1 Qf5 19. Ne5 g5 20. Nxc6 bxc6 21.
Qxc6 Bxc3 22. bxc3 Ba6 23. Qxa6 Qc5 24. Rxe6 fxe6 25. Qxe6+ Rf7 26. Rd5 Qxc3 27.
Rxg5+ Kf8 28. h4 Rd8 29. Be5 Rd1+ 30. Kh2 Qc1 31. Qg4 Rxf2 32. Rg8+ Kf7 33. Rg7+
Kf8 34. Rg8+ Kf7 35. Rg7+ Ke8 36. Rg8+ Kf7 1/2-1/2

[Event "PNWCC Masters 2020"]
[Site "chess.com INT"]
[Date "2020.05.25"]
[Round "7.13"]
[White "Hevia Alejano, Carlos Antonio"]
[Black "Costello, Alexander"]
[Result "1/2-1/2"]
[WhiteTitle "GM"]
[BlackTitle "IM"]
[WhiteElo "2467"]
[BlackElo "2258"]
[WhiteFideId "3508811"]
[BlackFideId "2099659"]
[EventDate "2020.05.23"]

1. e4 c5 2. Nf3 e6 3. d4 cxd4 4. Nxd4 Nc6 5. Nc3 Qc7 6. a3 Nf6 7. Be3 a6 8. Be2
Ne5 9. f4 Nc4 10. Bxc4 Qxc4 11. Qf3 d6 12. O-O-O Be7 13. g4 O-O 14. g5 Nd7 15.
Rhg1 Re8 16. h4 b5 17. g6 fxg6 18. h5 g5 19. h6 g6 20. f5 Ne5 21. Qh1 b4 22.
axb4 Qxb4 23. Bxg5 Rb8 24. Nb3 Qb7 25. fxg6 hxg6 26. h7+ Kh8 27. Ne2 Bxg5+ 28.
Rxg5 Qe7 29. Rg3 Rf8 30. Qg1 Bb7 31. Qd4 Rbd8 32. Rxg6 Qxh7 33. Rgg1 Bxe4 34.
Nc5 Bxc2 35. Rh1 Bxd1 36. Rxh7+ Kxh7 37. Nxe6 Rc8+ 38. Nc3 Rf1 39. Qh4+ Kg8 40.
Ng5 Bg4+ 41. Kc2 Bf5+ 42. Kb3 Rb8+ 43. Ka2 Bc2 44. b4 Bd3 45. Nge4 Bxe4 46. Qxe4
Rf2+ 47. Ka1 Rf6 48. Nd5 Rf1+ 49. Ka2 Rf2+ 50. Ka1 Rf1+ 51. Ka2 Rbf8 52. Ne7+
Kf7 53. Nc6 Rf2+ 54. Ka3 Rf3+ 55. Ka4 Ke6 56. Nd4+ Kd7 57. Qb7+ Kd8 58. Ne6+ Ke8
59. Ng7+ Kd8 60. Ne6+ Ke8 61. Nxf8 Kxf8 62. Qxa6 Ke7 63. Qb7+ Ke6 64. Qc8+ Kd5
65. b5 Rf4+ 66. Kb3 Rf3+ 67. Ka4 Rf4+ 68. Ka5 Nc4+ 69. Ka6 Rf1 70. Qg8+ Kc5 71.
Qg5+ d5 72. Qe7+ Kd4 73. b6 Ra1+ 74. Kb7 Rb1 75. Qf6+ Kc5 76. Qf8+ Kd4 77. Qf2+
Kc3 78. Qg3+ Kd4 79. Qg7+ Kc5 80. Qf8+ Kd4 81. Qf6+ Ke3 82. Qe6+ Kd4 83. Qf6+ 1/2-1/2

[Event "PNWCC Masters 2020"]
[Site "chess.com INT"]
[Date "2020.05.25"]
[Round "7.14"]
[White "Yoo, Christopher Woojin"]
[Black "Estrada Nieto, Julian"]
[Result "1-0"]
[WhiteTitle "IM"]
[BlackTitle "IM"]
[WhiteElo "2455"]
[BlackElo "2280"]
[WhiteFideId "30909694"]
[BlackFideId "5101018"]
[EventDate "2020.05.23"]

1. e4 e5 2. Nf3 Nc6 3. Bb5 a6 4. Ba4 Nf6 5. d4 exd4 6. O-O Be7 7. e5 Ne4 8. Nxd4
Nxd4 9. Qxd4 Nc5 10. Nc3 O-O 11. Bb3 d6 12. Bf4 dxe5 13. Qxe5 Bd6 14. Qd4 Nxb3
15. cxb3 Bxf4 16. Qxf4 Be6 17. Rfe1 Qd6 18. Qxd6 cxd6 19. Rad1 Rfd8 20. Re4 Rac8
21. Rb4 Rd7 22. f3 Kf8 23. Kf2 Ke7 24. h3 h5 25. Rd2 Rc6 26. Kg3 g5 27. h4 f6
28. Rbd4 Rd8 29. hxg5 fxg5 30. Re2 Rc5 31. Rde4 Re5 32. Rxe5 dxe5 33. Rxe5 Rd2
34. Rxg5 Rxb2 35. Rxh5 b5 36. Rh7+ Kf8 37. Ra7 b4 38. Na4 Rxa2 39. Nc5 Bd5 40.
Rxa6 Bxb3 41. Rf6+ Ke7 42. Rf4 Bd1 43. Rxb4 Be2 44. Rb1 Kf6 45. Ne4+ Kg6 46. Nc3
Rc2 47. Nxe2 Rxe2 48. Rb4 Ra2 49. Rg4+ Kf5 50. Rg8 Kf6 51. Kh3 Ra1 52. Kg4 Kf7
53. Rb8 Kg6 54. Rb6+ Kg7 55. g3 Ra3 56. f4 Kf7 57. f5 Rc3 58. Kf4 Rc1 59. g4 Ra1
60. Rb7+ Kg8 61. f6 Ra5 62. g5 Ra1 63. Kf5 Ra8 64. Kg6 Rf8 65. Rg7+ Kh8 66. Rh7+ 1-0

[Event "PNWCC Masters 2020"]
[Site "chess.com INT"]
[Date "2020.05.25"]
[Round "7.15"]
[White "Murzin, Volodar"]
[Black "Morefield, Jason"]
[Result "1/2-1/2"]
[WhiteTitle "IM"]
[BlackTitle "FM"]
[WhiteElo "2465"]
[BlackElo "2227"]
[WhiteFideId "44155573"]
[BlackFideId "30920825"]
[EventDate "2020.05.23"]

1. d4 Nf6 2. Nf3 b6 3. Bf4 Bb7 4. Nbd2 e6 5. e3 c5 6. c3 Nc6 7. h3 Rc8 8. Bd3
Be7 9. Qe2 O-O 10. O-O d5 11. Rad1 h6 12. Rfe1 Bd6 13. Bxd6 Qxd6 14. e4 dxe4 15.
Nxe4 Nxe4 16. Qxe4 g6 17. Qg4 Rc7 18. dxc5 Qxc5 19. Qf4 Nd8 20. Ne5 h5 21. Re3
Re7 22. Qh6 1/2-1/2

[Event "PNWCC Masters 2020"]
[Site "chess.com INT"]
[Date "2020.05.25"]
[Round "7.16"]
[White "Sarkar, Justin"]
[Black "Woodward, Andy"]
[Result "1/2-1/2"]
[WhiteTitle "IM"]
[WhiteElo "2380"]
[BlackElo "1856"]
[WhiteFideId "2010011"]
[BlackFideId "30953499"]
[EventDate "2020.05.23"]

1. e4 c5 2. Nc3 d6 3. d4 cxd4 4. Qxd4 Nc6 5. Qd2 g6 6. b3 Bh6 7. f4 e5 8. g3
exf4 9. gxf4 Qh4+ 10. Qf2 Qxf2+ 11. Kxf2 Bg7 12. Bb2 Nf6 13. Bd3 Ng4+ 14. Kg2
Nb4 15. Kf3 O-O 16. h3 Nh6 17. a3 Nxd3 18. cxd3 Be6 19. b4 f5 20. Nge2 fxe4+ 21.
dxe4 Bc4 22. Rhe1 Rae8 23. Nd1 Be5 24. Bxe5 dxe5 25. Ndc3 exf4 26. Rad1 Be6 27.
Rg1 Rf7 28. h4 Bc4 29. h5 Rf6 30. hxg6 hxg6 31. Nd5 Bxd5 32. Rxd5 Nf7 33. Nxf4
Ne5+ 34. Kg3 Nc4 35. Re1 Ref8 36. Nd3 Rf3+ 37. Kh2 Ne3 38. Rd7 Ng4+ 39. Kg2 g5
40. e5 Ne3+ 41. Kg1 g4 42. e6 Rg3+ 43. Kh2 Rh3+ 44. Kg1 Rff3 45. Nf4 Rxf4 46.
Rd8+ Kg7 47. e7 Rg3+ 48. Kh2 Rff3 49. Rxe3 Rh3+ 50. Kg2 Rxe3 51. e8=Q Rxe8 52.
Rxe8 Rxa3 53. Re7+ Kf6 54. Rxb7 Ke5 55. b5 Kd6 56. b6 a5 57. Rg7 Kc6 58. b7 Rb3
59. Rg5 g3 60. Rxa5 Kxb7 61. Rg5 Kc7 62. Rxg3 Rxg3+ 63. Kxg3 1/2-1/2

[Event "PNWCC Masters 2020"]
[Site "chess.com INT"]
[Date "2020.05.25"]
[Round "7.17"]
[White "Daggupati, Balaji"]
[Black "Wen, Tommy"]
[Result "1-0"]
[WhiteTitle "FM"]
[WhiteElo "2331"]
[BlackElo "2014"]
[WhiteFideId "2090759"]
[BlackFideId "30952255"]
[EventDate "2020.05.23"]

1. e4 c5 2. Nf3 e6 3. d4 cxd4 4. Nxd4 a6 5. Be2 Nf6 6. Nc3 Qc7 7. O-O Nc6 8. Kh1
Bb4 9. Qd3 Nxd4 10. Qxd4 Bc5 11. Qd3 O-O 12. Bg5 Be7 13. f4 d6 14. Rad1 Rd8 15.
Qg3 Ne8 16. f5 g6 17. h4 Bxg5 18. fxg6 fxg6 19. Qxg5 Rd7 20. h5 Rg7 21. Rd3 Qe7
22. Rdf3 Bd7 23. h6 Nc7 24. Qg3 Rf7 25. Rxf7 Qxf7 26. Rxf7 Kxf7 27. Qxd6 Rc8 28.
Qxd7+ 1-0

[Event "PNWCC Masters 2020"]
[Site "chess.com INT"]
[Date "2020.05.25"]
[Round "7.18"]
[White "Tanenbaum, Zachary"]
[Black "Liang, Jason"]
[Result "1/2-1/2"]
[BlackTitle "FM"]
[WhiteElo "2137"]
[BlackElo "2340"]
[WhiteFideId "2060850"]
[BlackFideId "30940303"]
[EventDate "2020.05.23"]

1. e4 c6 2. d4 d5 3. exd5 cxd5 4. Bd3 Nc6 5. c3 Qc7 6. Bg5 e6 7. Nf3 Bd6 8. Nbd2
Nge7 9. O-O O-O 10. Re1 f6 11. Bh4 Nf5 12. Bg3 Nxg3 13. hxg3 Kh8 14. c4 Rd8 15.
Rc1 dxc4 16. Bxc4 e5 17. Bb3 Qb8 18. dxe5 Nxe5 19. Nxe5 Bxe5 20. Qh5 Bg4 21.
Qxg4 Rxd2 22. Red1 Rxd1+ 23. Rxd1 Qc8 24. Rd7 Qc1+ 25. Kh2 Qh6+ 26. Qh3 Qxh3+
27. gxh3 Bxb2 28. Rxb7 Bd4 29. Kg2 Re8 30. Bc4 Bb6 31. h4 h5 32. Bf7 Re2 33. Bg6
Rxf2+ 34. Kh3 Rd2 35. Rb8+ Rd8 36. Rxd8+ Bxd8 37. Bxh5 Kg8 38. Bd1 Kf7 39. Kg4
Bc7 40. Bb3+ Kf8 41. Kf3 Ke7 42. g4 Bb6 43. Ke4 Bf2 44. h5 Bh4 45. Kd5 Bg5 46.
Kc6 Be3 47. a4 f5 48. gxf5 Kf6 49. Be6 Kg5 50. Bc8 Kxh5 51. a5 Kg5 52. a6 Kf6
53. Kd6 Bb6 54. Bd7 Bg1 55. Bc8 Bf2 56. Bd7 Be3 57. Bc8 Bf4+ 58. Kc6 Bh2 59. Kb7
Bg1 60. Kc6 Bf2 61. Kd5 g5 62. fxg6 Kxg6 1/2-1/2

[Event "PNWCC Masters 2020"]
[Site "chess.com INT"]
[Date "2020.05.25"]
[Round "7.19"]
[White "Talukdar, Rohan"]
[Black "Beatrez, Patrick"]
[Result "1-0"]
[WhiteTitle "FM"]
[WhiteElo "2341"]
[BlackElo "1879"]
[WhiteFideId "2616378"]
[BlackFideId "30937167"]
[EventDate "2020.05.23"]

1. e4 c5 2. Nf3 d6 3. d4 cxd4 4. Nxd4 Nf6 5. Nc3 g6 6. Be3 Bg7 7. f3 O-O 8. Qd2
Nc6 9. O-O-O Bd7 10. g4 Rc8 11. Kb1 Ne5 12. h4 h5 13. g5 Ne8 14. f4 Nc4 15. Bxc4
Rxc4 16. Qd3 Rc5 17. f5 Nc7 18. Rhf1 b5 19. Nb3 Rc6 20. Bd4 Ra6 21. f6 exf6 22.
Bxf6 Qc8 23. Nd4 b4 24. Nce2 d5 25. e5 Bg4 26. Rde1 Qd7 27. b3 Re8 28. Nf4 Rb6
29. Bxg7 Kxg7 30. e6 Nxe6 31. Nxd5 Qxd5 32. Nxe6+ Qxe6 33. Rxe6 Rexe6 34. Qd4+
Kg8 35. Rf6 Bf5 36. Rxe6 Rxe6 37. Qxb4 Re2 38. Qb8+ Kg7 39. Qxa7 Rxc2 40. Qd4+
Kg8 41. Ka1 Rc1+ 42. Kb2 Rc2+ 43. Ka3 Rc6 44. Kb4 Re6 45. Kc5 Ra6 46. a4 Be6 47.
Qb4 Ra7 48. Qb8+ 1-0

[Event "PNWCC Masters 2020"]
[Site "chess.com INT"]
[Date "2020.05.25"]
[Round "7.20"]
[White "Yan, Ruiyang"]
[Black "Shabalov, Alexander"]
[Result "0-1"]
[WhiteTitle "WCM"]
[BlackTitle "GM"]
[WhiteElo "2093"]
[BlackElo "2528"]
[WhiteFideId "30919860"]
[BlackFideId "2008572"]
[EventDate "2020.05.23"]

1. e4 e6 2. d4 d5 3. Nc3 Nf6 4. e5 Nfd7 5. f4 c5 6. Nf3 Nc6 7. Be3 h6 8. Qd2 g5
9. fxg5 cxd4 10. Nxd4 Ndxe5 11. h3 hxg5 12. Bxg5 Bh6 13. Bxd8 Bxd2+ 14. Kxd2
Kxd8 15. Nxc6+ bxc6 16. Na4 Ke7 17. Bd3 Kd6 18. b4 Bd7 19. Nc5 Rag8 20. g4 Rh4
21. Be2 Rgh8 22. Rhf1 Rxh3 23. Rae1 Be8 24. a4 Rh2 25. Kd1 Rg2 26. Rg1 Rhh2 27.
a5 Nxg4 28. Bxg4 Rd2+ 29. Kc1 Rxc2+ 30. Kb1 Rb2+ 31. Kc1 Rxb4 32. Nd3 Ra4 33.
Be2 c5 34. Kd2 Ra2+ 35. Ke3 d4+ 0-1

[Event "PNWCC Masters 2020"]
[Site "chess.com INT"]
[Date "2020.05.25"]
[Round "7.21"]
[White "Tran, Tuan Minh"]
[Black "Chen, Ryo"]
[Result "0-1"]
[WhiteTitle "GM"]
[WhiteElo "2518"]
[BlackElo "2085"]
[WhiteFideId "12401820"]
[BlackFideId "7003072"]
[EventDate "2020.05.23"]

1. c4 Nf6 2. Nc3 g6 3. e4 d6 4. d4 Bg7 5. Be2 O-O 6. Be3 e5 7. d5 a5 8. g4 Na6
9. h4 Nc5 10. f3 h5 11. g5 Nh7 12. Qd2 f6 13. Nh3 Bxh3 14. Rxh3 fxg5 15. hxg5
Qe7 16. O-O-O a4 17. Rg1 Rf4 18. Rhg3 Qd7 19. Bd1 Nf8 20. Bc2 Rf7 21. Kb1 Nh7
22. Ne2 Raf8 23. f4 exf4 24. Bxf4 Qe7 25. e5 Bxe5 26. Bxe5 Rf1+ 27. Nc1 Qxe5 28.
Bxg6 R8f2 29. Qc3 Qxc3 30. bxc3 h4 0-1

[Event "PNWCC Masters 2020"]
[Site "chess.com INT"]
[Date "2020.05.25"]
[Round "7.22"]
[White "Lu, Jason"]
[Black "Leiva, Giuseppe"]
[Result "0-1"]
[BlackTitle "IM"]
[WhiteElo "2024"]
[BlackElo "2391"]
[WhiteFideId "30938040"]
[BlackFideId "3804399"]
[EventDate "2020.05.23"]

1. e4 c5 2. Nf3 d6 3. d4 cxd4 4. Nxd4 Nf6 5. Nc3 a6 6. h3 e5 7. Nde2 h5 8. g3
Be7 9. Bg2 Nbd7 10. a4 Nb6 11. O-O Be6 12. b3 d5 13. a5 d4 14. axb6 dxc3 15. Be3
O-O 16. Nxc3 Qc8 17. Nd5 Nxd5 18. exd5 Bxh3 19. c4 h4 20. d6 Bxg2 21. Kxg2 Qc6+
22. f3 Bxd6 23. Rh1 Rad8 24. Qc2 Be7 25. Ra5 f5 26. Rxe5 Bd6 27. Rxf5 Bxg3 28.
Qe4 Qxe4 29. fxe4 Rxf5 30. exf5 Rd3 31. Bc5 Rxb3 32. Rd1 h3+ 33. Kh1 a5 34. Bd6
Bf2 35. c5 a4 36. Ra1 a3 37. c6 bxc6 38. Rxa3 Rxb6 39. Rxh3 Bd4 40. Ra3 c5 41.
Ra8+ Kh7 42. Be7 Rb7 43. Bd6 Rf7 44. Rf8 Rxf8 45. Bxf8 Kg8 46. Be7 c4 47. Kg2
Kf7 48. Bg5 Bb2 49. Kf3 c3 50. Ke4 c2 51. Bd2 c1=Q 52. Bxc1 Bxc1 0-1

[Event "PNWCC Masters 2020"]
[Site "chess.com INT"]
[Date "2020.05.25"]
[Round "7.23"]
[White "Sinha, Sahil"]
[Black "Eidelman, Gabriel"]
[Result "1-0"]
[WhiteTitle "IM"]
[WhiteElo "2324"]
[BlackElo "1988"]
[WhiteFideId "2065231"]
[BlackFideId "30910544"]
[EventDate "2020.05.23"]

1. d4 Nf6 2. c4 g6 3. Nc3 Bg7 4. e4 d6 5. Be2 O-O 6. Nf3 e5 7. O-O Nc6 8. d5 Ne7
9. Ne1 Nd7 10. Be3 f5 11. f3 f4 12. Bf2 g5 13. Rc1 Rf6 14. Nd3 Rh6 15. c5 a6 16.
c6 bxc6 17. dxc6 Nf8 18. Nb4 Nfg6 19. Ncd5 a5 20. Nb6 Rb8 21. Nxc8 Qxc8 22. Na6
Rxb2 23. Qa4 Nh4 24. Qc4+ Kh8 25. Rb1 d5 26. Qc5 Rxb1 27. Rxb1 Nxc6 28. exd5 Nb4
29. Nxb4 axb4 30. Qxb4 Bf8 31. Qb8 Qxb8 32. Rxb8 Kg7 33. Rb7 Bd6 34. a4 Rf6 35.
a5 Rf8 36. a6 e4 37. a7 e3 38. Bxh4 Ra8 39. Bxg5 Kf7 40. Bd8 Ke8 41. Bxc7 Kd7
42. Bb5+ Kc8 43. Bxd6 Kxb7 44. Bc6+ 1-0

[Event "PNWCC Masters 2020"]
[Site "chess.com INT"]
[Date "2020.05.25"]
[Round "7.24"]
[White "Kondakov, Adrian"]
[Black "Tsay, Vincent"]
[Result "1-0"]
[WhiteTitle "CM"]
[BlackTitle "FM"]
[WhiteElo "1986"]
[BlackElo "2310"]
[WhiteFideId "30920302"]
[BlackFideId "30931835"]
[EventDate "2020.05.23"]

1. e4 e6 2. d4 d5 3. Nc3 Bb4 4. e5 c5 5. a3 Ba5 6. b4 cxd4 7. Nb5 Bc7 8. f4 Bd7
9. Nxd4 Bb6 10. Ngf3 Ne7 11. Be3 Nbc6 12. Qd2 O-O 13. c3 Rc8 14. Bd3 Nxd4 15.
Bxd4 Ba4 16. O-O a6 17. Qf2 Bxd4 18. cxd4 h6 19. Rfc1 Qd7 20. Rc5 Rc6 21. Rac1
Rfc8 22. Qd2 b6 23. Rxc6 Rxc6 24. Kf2 Qc8 25. Rxc6 Qxc6 26. Ne1 Kf8 27. Bc2 Bxc2
28. Qxc2 Qc4 29. Qxc4 dxc4 30. Nc2 Nd5 31. g3 Ke7 32. a4 b5 33. axb5 axb5 34.
Kf3 Kd7 35. Ke4 Nc3+ 36. Kf3 Kc6 37. Ke3 Kd5 38. Kd2 Na4 39. Ke3 Nb2 40. Na3 c3
41. Nxb5 Kc4 42. Nd6+ Kb3 43. Ne4 c2 44. Nc5+ Ka2 45. Kd2 Kb1 46. Nb3 Nc4+ 47.
Kd3 Nb6 48. Kc3 Nd5+ 49. Kc4 Kb2 50. b5 h5 51. h3 Ne3+ 52. Kb4 Nd5+ 53. Kc4 g6
54. h4 Ne3+ 55. Kb4 Nf1 56. b6 Nd2 57. Nc5 Nf3 58. Nd3+ Kb1 59. Kc3 Ne1 60. b7
Nxd3 61. b8=Q+ Kc1 62. Kxd3 Kd1 63. Qb3 Ke1 64. Qxc2 Kf1 65. Ke3 Kg1 66. Kf3 1-0

[Event "PNWCC Masters 2020"]
[Site "chess.com INT"]
[Date "2020.05.25"]
[Round "7.25"]
[White "Vivekananthan, Anish"]
[Black "Xie, Bryan"]
[Result "1-0"]
[WhiteTitle "FM"]
[BlackTitle "CM"]
[WhiteElo "2239"]
[BlackElo "2049"]
[WhiteFideId "2090775"]
[BlackFideId "30941296"]
[EventDate "2020.05.23"]

1. Nf3 c5 2. c4 Nc6 3. Nc3 g6 4. g3 Bg7 5. Bg2 Nf6 6. O-O O-O 7. d4 cxd4 8. Nxd4
Nxd4 9. Qxd4 d6 10. Qd2 Rb8 11. b3 Be6 12. Bb2 Qd7 13. Nd5 Bxd5 14. cxd5 Rfc8
15. e4 b5 16. e5 dxe5 17. Bxe5 Ne4 18. Qf4 Bxe5 19. Qxe5 Nd6 20. h4 Rc7 21. Rac1
Rbc8 22. Rc6 Rxc6 23. dxc6 Qc7 24. h5 a6 25. Rd1 Ne8 26. Qc5 Rd8 27. Re1 Rd6 28.
a4 bxa4 29. bxa4 Ng7 30. a5 Ne6 31. Qb6 Qd8 32. Rxe6 fxe6 33. c7 Qf8 34. Qxd6
exd6 35. Bb7 Qf6 36. c8=Q+ Kg7 37. hxg6 hxg6 38. Qc7+ Kh6 39. Bxa6 Qa1+ 40. Bf1
d5 41. a6 d4 42. a7 d3 43. Qd8 Qxa7 44. Qh8+ Qh7 45. Qxh7+ Kxh7 46. Bxd3 Kg7 47.
Kg2 Kf6 48. Kf3 Kg5 49. Ke3 Kh5 50. Kf4 g5+ 51. Kf3 e5 52. Bf5 g4+ 53. Bxg4+ Kg5
54. Bh3 Kf6 55. Ke4 Kg6 56. Kxe5 Kg5 57. f4+ Kh5 58. f5 Kg5 59. f6 Kg6 60. Be6
Kh7 61. Kd6 Kg6 62. Ke7 Kh7 63. f7 Kg6 64. f8=Q Kh7 65. Qg8+ Kh6 66. Kf6 Kh5 67.
Qg5# 1-0

[Event "PNWCC Masters 2020"]
[Site "chess.com INT"]
[Date "2020.05.25"]
[Round "7.26"]
[White "Zhang, Samuel"]
[Black "Wen, Teddie"]
[Result "1/2-1/2"]
[WhiteElo "2033"]
[BlackElo "2071"]
[WhiteFideId "30942993"]
[BlackFideId "30952247"]
[EventDate "2020.05.23"]

1. e4 c5 2. Nf3 d6 3. d4 cxd4 4. Nxd4 Nf6 5. Nc3 g6 6. Be3 Bg7 7. f3 O-O 8. Qd2
Nc6 9. O-O-O d5 10. Qe1 e5 11. Nxc6 bxc6 12. exd5 Nxd5 13. Bc4 Be6 14. Kb1 a5
15. h4 Rb8 16. Ne4 Qc7 17. Bc5 Rfd8 18. h5 gxh5 19. Qh4 Bf5 20. Ka1 Bg6 21. Rd2
Nb6 22. Rxd8+ Rxd8 23. Bd3 Rd5 24. Be3 c5 25. Nf6+ Bxf6 26. Qxf6 Qd8 27. Qxd8+
Rxd8 28. Bxc5 Na4 29. Bxg6 hxg6 30. Be3 f5 31. g3 Kf7 32. Rc1 Rb8 33. c4 Nxb2
34. Rb1 Nxc4 35. Rxb8 Nxe3 36. Kb2 Nf1 37. g4 hxg4 38. fxg4 fxg4 39. Kc3 g3 40.
Rb2 Ne3 41. Rb1 Ke6 42. Rg1 g2 43. Kd2 Nd5 44. Rxg2 Kf5 45. Ke1 g5 46. Rd2 Nf4
47. Rd8 g4 48. Rf8+ Ke4 49. Kf2 Ne6 50. Rf6 Nd4 51. Kg3 Kd3 52. Kxg4 e4 53. Kg3
e3 54. Rb6 Kd2 55. Rb2+ Nc2 56. Kf3 e2 57. Rxc2+ Kxc2 58. Kxe2 Kb2 59. Kd2 Kxa2
60. Kc2 a4 61. Kc1 a3 62. Kc2 Ka1 63. Kc1 a2 64. Kc2 1/2-1/2

[Event "PNWCC Masters 2020"]
[Site "chess.com INT"]
[Date "2020.05.25"]
[Round "7.27"]
[White "Nguyen, Thanh Thuy Tien"]
[Black "Green, Austen"]
[Result "1-0"]
[WhiteTitle "WIM"]
[WhiteElo "1971"]
[BlackElo "2126"]
[WhiteFideId "12400998"]
[BlackFideId "2017865"]
[EventDate "2020.05.23"]

1. Nf3 f5 2. b3 Nf6 3. Bb2 g6 4. c4 Bg7 5. e3 d6 6. d4 O-O 7. Bd3 e5 8. dxe5 Ng4
9. c5 Nxe5 10. Bxe5 Bxe5 11. Bc4+ Kg7 12. Nxe5 dxe5 13. Qxd8 Rxd8 14. Nc3 c6 15.
Ke2 Kf6 16. Rhd1 Rxd1 17. Rxd1 Ke7 18. Bg8 Nd7 19. h4 Nf6 20. Bc4 Be6 21. Bxe6
Kxe6 22. f3 Nd5 23. Nxd5 cxd5 24. b4 b6 25. Rc1 Kd7 26. c6+ Kc7 27. a4 a6 28. g4
Rf8 29. b5 a5 30. gxf5 Rxf5 31. Rd1 Kd6 32. e4 Rf4 33. Rxd5+ Kc7 34. Rd7+ Kc8
35. Rxh7 1-0